[Event "USA-ch"]
[Site "Saint Louis"]
[Date "2010.05.14"]
[Round "1"]
[White "Kamsky, Gata"]
[Black "Robson, Ray"]
[Result "1-0"]
[WhiteElo "2702"]
[BlackElo "2569"]
[PlyCount "123"]
[EventDate "2010.05.14"]
[EventType "swiss"]
[EventRounds "9"]
[EventCountry "USA"]
[SourceTitle "CBM 137"]
[Source "ChessBase"]
[SourceDate "2010.07.15"]
[SourceVersion "1"]
[SourceVersionDate "2010.07.15"]
[SourceQuality "1"]

1. Nf3 d5 2. g3 c6 3. Bg2 Bg4 4. O-O Nd7 5. d3 Ngf6 6. h3 Bh5 7. Nbd2 e5 8. e4 Bd6 9. c3 a5 10. a4 O-O 11. Qc2 Re8 12. Re1 Nc5 ({RR} 12... Qb6 13. Nb3 Rad8 14. Nh4 Qc7 15. Bg5 Bf8 16. d4 dxe4 17. dxe5 Qxe5 18. Bf4 Qd5 19. g4 Bg6 20. Rad1 Qe6 21. Nxg6 hxg6 22. Nxa5 Nc5 23. Bf1 Rxd1 24. Qxd1 Nd5 25. Be3 Nxe3 26. Rxe3 Qe5 27. Nc4 {Azmaiparashvili,Z (2674)-Movsesian,S (2631) Moscow 2001 ½-½ (49)}) 13. Nh4 ({RR} 13. b3 dxe4 14. dxe4 Bf8 15. Nc4 Qd3 16. Qxd3 Nxd3 17. Re3 Bxf3 18. Bxf3 Nxc1 19. Rxc1 b5 20. Nb2 Ba3 21. Rc2 Bxb2 22. Rxb2 bxa4 23. bxa4 Nd7 24. Bg4 Nc5 25. Rb6 Nxa4 26. Rxc6 Nb2 27. c4 Red8 {Mulawa,C (2186)-Chylewski,P (2286) Ustron POL 2023 ½-½ (33)}) 13... dxe4 $146 ({RR} 13... Bf8 14. Nb3 dxe4 15. Nxc5 Bxc5 16. dxe4 Nd7 17. Bf1 Qf6 18. Nf5 Rad8 19. Be2 Bg6 20. Ne3 Nb6 21. h4 Nd5 22. Ng4 Qe6 23. h5 Bxe4 24. Qxe4 f5 25. Qc4 fxg4 26. Qxc5 Qf5 27. Be3 Re6 28. Rad1 {D'Amore,C (2463)-Berend,F (2374) Gothenburg 2005 1-0 (38)}) 14. dxe4 Bc7 15. Bf1 Qd7 16. Nb3 Ncxe4 17. g4 Bxg4 18. hxg4 Qxg4+ 19. Ng2 Rad8 20. Qe2 Qe6 21. Qc4 Qf5 22. Be3 Qh3 23. Be2 Ng4 24. Bxg4 Qxg4 25. Nd2 Nf6 26. Qxg4 Nxg4 27. Nc4 Nxe3 28. Ngxe3 h5 29. Rab1 Rd3 30. Red1 Red8 31. Rxd3 Rxd3 32. b4 axb4 33. Rxb4 b5 34. axb5 cxb5 35. Rxb5 Rxc3 36. Rb7 Bd8 37. Rb8 Rd3 38. Nxe5 Rd6 39. Kg2 g6 40. Rb7 Rf6 41. N3c4 Rf4 42. Nd6 Bh4 43. f3 g5 44. Ndxf7 Rf6 45. Rb8+ Kg7 46. Rh8 Rf5 47. Rxh5 Be1 48. Rxg5+ Rxg5+ 49. Nxg5 Kf6 50. Nd3 Ba5 51. Ne4+ Kf5 52. Kf2 Bc7 53. Ke3 Bb6+ 54. Nec5 Bc7 55. Nb3 Bd6 56. Nd4+ Kf6 57. Ke4 Bg3 58. Nf4 Bh2 59. Nde2 Ke7 60. Kf5 Kd6 61. Kg4 Ke5 62. Nh5 1-0

[Event "St Petersburg-ch 83rd"]
[Site "St Petersburg"]
[Date "2010.05.27"]
[Round "11"]
[White "Romanov, Evgeny"]
[Black "Ivanov, Sergey1"]
[Result "1-0"]
[WhiteElo "2594"]
[BlackElo "2542"]
[PlyCount "117"]
[EventDate "2010.05.16"]
[EventType "tourn"]
[EventRounds "11"]
[EventCountry "RUS"]
[EventCategory "12"]
[SourceTitle "CBM 137"]
[Source "ChessBase"]
[SourceDate "2010.07.15"]
[SourceVersion "1"]
[SourceVersionDate "2010.07.15"]
[SourceQuality "1"]

1. Nf3 d5 2. g3 g6 3. Bg2 Bg7 4. c4 d4 5. O-O e5 6. d3 Ne7 7. b4 O-O 8. Nbd2 a5 9. b5 c5 10. bxc6 Nexc6 11. Rb1 Na6 12. Ne1 Re8 13. Nc2 Nab4 14. Rb2 Bf8 15. a3 Na6 16. Rb1 $146 ({RR} 16. Rb5 Nc7 17. Rb1 Ne6 18. Nb3 Ra7 19. a4 Nb4 20. Na3 b6 21. Nb5 Rd7 22. Ba3 Bb7 23. Bxb7 Rxb7 24. Na1 Rd7 25. Nc2 Nc6 26. Bxf8 Kxf8 27. Na1 Kg7 28. Nb3 Nc5 29. Nxc5 bxc5 30. Na3 Nb4 {Dizdarevic,E (2490)-Nikolic,P (2600) Sarajevo 1987 0-1 (46)}) 16... Nc5 17. Ne4 Ne6 18. Rb5 Nc7 19. Bg5 Be7 20. Bxe7 Qxe7 21. Rb6 Ne6 22. e3 f5 23. Nd2 dxe3 24. Nxe3 Qxa3 25. Rxc6 bxc6 26. Bxc6 Ba6 27. Nd5 Kg7 28. Qa1 Qxa1 29. Rxa1 Rec8 30. Bxa8 Rxa8 31. Rxa5 Bb7 32. Rxa8 Bxa8 33. Nf3 e4 34. dxe4 fxe4 35. Nd2 Nc5 36. Kf1 g5 37. Ke2 Kg6 38. Ke3 Kf5 39. Nc7 Bb7 40. Kd4 Nd7 41. h3 h5 42. Ne8 e3 43. fxe3 Bg2 44. e4+ Ke6 45. h4 gxh4 46. gxh4 Nf8 47. Ng7+ Kf7 48. Nxh5 Ng6 49. c5 Nxh4 50. Nf4 Bh1 51. c6 Ke7 52. Ke5 Kd8 53. Kd6 Bxe4 54. Nxe4 Nf5+ 55. Kc5 Ne7 56. Ne6+ Kc8 57. Nd6+ Kb8 58. c7+ Ka7 59. Nd4 1-0

[Event "Biel GM 43rd"]
[Site "Biel"]
[Date "2010.07.28"]
[Round "9"]
[White "Nguyen, Ngoc Truong Son"]
[Black "Giri, Anish"]
[Result "1-0"]
[WhiteElo "2617"]
[BlackElo "2672"]
[Annotator "Ftacnik,Lubomir"]
[PlyCount "117"]
[EventDate "2010.07.19"]
[EventType "tourn"]
[EventRounds "9"]
[EventCountry "SUI"]
[EventCategory "17"]
[SourceTitle "CBM 138"]
[Source "ChessBase"]
[SourceDate "2010.09.17"]
[SourceVersion "1"]
[SourceVersionDate "2010.09.17"]
[SourceQuality "1"]

1. Nf3 Nf6 2. g3 d5 3. Bg2 c6 4. d3 Bg4 5. O-O Nbd7 6. h3 Bh5 7. Qe1 e5 8. e4 dxe4 9. dxe4 Be7 10. Nh4 {In a symmetrical position White is hoping to activate his pieces and advance the f2-pawn at a suitable moment.} O-O 11. Nf5 ({RR} 11. Nd2 Qc7 12. f4 exf4 13. gxf4 Rfe8 14. Kh1 Bb4 15. c3 Bf8 16. e5 Nd5 17. Ne4 Nc5 18. Ng3 Bg6 19. Nxg6 hxg6 20. Bxd5 cxd5 21. Be3 Ne6 22. Rd1 Rad8 23. Qe2 Bc5 24. Bd4 Qb6 25. Qf2 Bxd4 {Giri,A (2785)-So,W (2815) Chess.com INT 2017 1-0 (35)}) 11... Bc5 12. b4 Bb6 13. Na3 $5 {This new move makes a very good impression. The knight will fight the strong b6-bishop and attack the vulnerable d6-square.} (13. Nd6 Qc7 14. Nc4 a5 15. Nxb6 Nxb6 16. c3 Nfd7 17. Nd2 f6 18. a3 c5 19. bxa5 Rxa5 20. Rb1 Ra4 21. f4 Bf7 22. Rf2 Nc4 23. Nxc4 Bxc4 24. Qd1 {½-½ Minasian,A (2600)-Yagupov,I (2449)/Linares 2000 (52)} b5 $15) (13. Bb2 a5 14. a3 axb4 15. axb4 Rxa1 16. Bxa1 Qa8 17. Nd2 Qa2 18. Qb1 Ra8 19. Nd6 Qe6 20. N6c4 Bc7 21. Re1 Bg6 22. Bc3 b5 23. Ne3 Nb6 24. Qb3 $11 {0-1 Jurkiewicz,K (2303)-Kuczynski,R (2492)/Ustron 2003 (27)}) 13... Bg6 $146 ({RR} 13... a5 14. b5 Bc5 15. bxc6 bxc6 16. Nc4 Qc7 17. Be3 Bg6 18. Rd1 Bxf5 19. exf5 e4 20. Bf4 Qa7 21. Nd6 Nd5 22. Nxe4 Nxf4 23. gxf4 Be7 24. Qe3 Nf6 25. Nxf6+ Bxf6 26. Bxc6 Qxe3 27. fxe3 Rac8 28. Ba4 {Kramnik,V (2753)-Vitiugov,N (2724) chess.com INT 2023 1-0 (32)}) ({RR} 13... a5 14. b5 Bc5 15. bxc6 bxc6 16. Nc4 Qc7 17. Be3 Bg6 18. Rd1 Bxf5 19. exf5 e4 20. Bf4 Qa7 21. Nd6 Nd5 22. Nxe4 Nxf4 23. gxf4 Be7 24. Qe3 Nf6 25. Nxf6+ Bxf6 26. Bxc6 Qxe3 27. fxe3 Rac8 28. Ba4 {Kramnik,V (2753)-Vitiugov,N (2724) chess.com INT 2023 1-0 (32)}) 14. Nc4 Bxf5 {In order to complete the development in a harmonious way Giri is ready to part with the bishop.} (14... Bc7 15. Bb2 $14) 15. exf5 Qe7 16. a4 {An interesting moment in the game as Nguyen is not eager to exchange the second bishop. The nature of White's pawn structure would definitely complicate the real activation of the bishops.} (16. Nxb6 axb6 17. a3 b5 $11) 16... Nd5 17. Rb1 (17. Bd2 Rfd8 18. Rd1 Bc7 $11) 17... e4 (17... Rfe8 18. Rb3 e4 $11) 18. a5 Bd4 $2 {Black was already struggling with some problems, but the centralisation of the bishop is tactically dubious.} (18... Bc7 19. b5 Rfe8 20. a6 Qc5 21. axb7 Rab8 22. Nd2 cxb5 23. Nxe4 Qc4 24. Bb2 $14) 19. Qxe4 $1 Qxe4 20. Bxe4 Nc3 21. Bb2 Bxf2+ {Black might have been hoping to get away from trouble with the help of this move. Unfortunately for him the resulting position is not equal.} (21... Nxb1 22. Bxd4 b5 23. Rxb1 bxc4 24. Bxc6 Rad8 25. Bxa7 $18) 22. Rxf2 $5 (22. Kxf2 Nxe4+ 23. Kf3 Rfe8 24. Rbd1 Ndf6 25. Rfe1 $14) 22... Nxe4 23. Re2 Nxg3 (23... Ndf6 24. Kg2 Rad8 25. Rbe1 Rfe8 26. h4 $16) 24. Re7 Nf6 (24... Rad8 25. Rd1 Nf6 26. Rxd8 Rxd8 27. Rxb7 $16) 25. Bxf6 gxf6 26. Kf2 (26. Rxb7 $6 Rfd8 $14) 26... Nxf5 27. Rg1+ Kh8 (27... Ng7 $2 28. Nd6 $18) 28. Rxb7 {Black is struggling in this endgame despite the nominal advantage of the pawn. His king is passive, all the pawns are isolated and pieces are not sufficiently active.} Rab8 (28... Rfd8 29. Rxf7 c5 (29... Rd4 30. Rg4 Rxc4 (30... Rxg4 31. hxg4 Nh6 32. Rc7 Nxg4+ 33. Kf3 h5 34. Rxc6 $16) 31. Rxc4 Nd6 32. Rxa7 Rxa7 33. Rxc6 $16) 30. Ne3 Nxe3 31. Kxe3 Rg8 32. Rxg8+ Kxg8 33. Rb7 cxb4 34. a6 $16) 29. a6 $1 Rxb7 (29... Rfd8 30. Rg4 $1 $16) 30. axb7 Rb8 31. Na5 Nd6 {The pesky b7 pawn has to be eliminated at all costs.} 32. Rd1 Nxb7 33. Nxc6 Rc8 (33... Re8 34. Nxa7 $16) 34. b5 Kg7 35. Kf3 {The virtue of Asian people is usually patience. White is ignoring the active line with some tricky ideas. It would try to win the pawn on a7 quickly.} (35. Rd7 Nc5 36. Nxa7 $1 (36. Rxa7 Ne4+ 37. Kg2 Nd6 $11) 36... Ra8 37. Rc7 Ne6 38. b6 $16) 35... Rc7 (35... Kf8 36. Rd7 Nc5 37. Rxa7 $18) 36. Rd5 $1 {[%mdl 4096] The knight on b7 is completely dominated.} f5 (36... Kf8 37. c4 Ke8 38. Ke4 $16) 37. c4 Kf6 38. c5 Ke6 39. Re5+ Kf6 {The poor black king could not really help his passive pieces on the queenside.} (39... Kd7 40. Re7+ Kc8 41. Nxa7+ Kd8 42. Nc6+ Kc8 43. Re8+ Kd7 44. Re5 $18) 40. Kf4 Rd7 (40... Kg7 41. Rd5 Kf6 42. Rxf5+ Kg6 43. Rg5+ Kf6 44. Rd5 Ke6 45. Re5+ Kf6 46. Ke4 $18) 41. Rxf5+ Ke6 42. Re5+ Kf6 43. Rh5 Nd8 {The knight has to try for freedom, otherwise the defence has no chance for success.} (43... Kg6 44. Ne5+ Kxh5 45. Nxd7 $18) (43... Kg7 44. Ke4 Nd8 45. Nxd8 Rxd8 46. c6 $18) (43... Rd1 44. Nxa7 Ra1 45. Nc8 $18) 44. Rf5+ Ke6 45. Re5+ Kf6 46. Nxd8 Rxd8 47. c6 {The situation is still very bad for the defender, since the king is unable to help with blockading c6 pawn.} Rd1 (47... Rg8 48. Rd5 Rb8 49. Ke4 Ke6 50. Kd4 Rg8 51. Rd7 Ra8 52. Kc5 $18) 48. Re8 $1 Rf1+ (48... Rc1 49. Ra8 Rc5 50. Ke4 $18) 49. Kg4 Rc1 50. Kf3 $1 h5 51. Ra8 Rc5 (51... Ke6 52. Rxa7 Rc3+ 53. Kf4 Rc4+ 54. Ke3 Rb4 55. Rb7 $18) 52. Ke4 {The fight is clearly over as Black will not be able to keep the rook on the critical square c5.} Re5+ (52... Ke6 53. Kd4 Rd5+ 54. Kc4 $18) 53. Kd4 Re7 54. Kd5 Re5+ 55. Kd6 Rxb5 (55... Re1 56. c7 $18) 56. c7 Rb1 57. c8=Q Rd1+ 58. Kc5 Rc1+ 59. Kd4 1-0

[Event "GBR-ch 97th"]
[Site "Canterbury"]
[Date "2010.08.06"]
[Round "11"]
[White "Pert, Nicholas"]
[Black "Gordon, Stephen J"]
[Result "1-0"]
[WhiteElo "2551"]
[BlackElo "2534"]
[PlyCount "171"]
[EventDate "2010.07.26"]
[EventType "swiss"]
[EventRounds "11"]
[EventCountry "ENG"]
[SourceTitle "CBM 137 Extra"]
[Source "ChessBase"]
[SourceDate "2010.09.01"]
[SourceVersion "1"]
[SourceVersionDate "2010.09.01"]
[SourceQuality "1"]

1. Nf3 Nf6 2. g3 b5 3. Bg2 Bb7 4. O-O e6 5. d3 Be7 6. e4 d6 7. a4 b4 8. Nbd2 O-O ({RR} 8... a5 9. Nc4 Nbd7 10. Re1 O-O 11. h3 c5 12. Nfd2 d5 13. exd5 Bxd5 14. Nb3 Bxg2 15. Kxg2 Qc8 16. Qf3 Bd8 17. Bf4 Bc7 18. Bxc7 Qxc7 19. Re2 Nd5 20. h4 Ra6 21. Nbd2 N5b6 22. h5 h6 23. b3 {Firouzja,A (2760)-Bartel,M (2629) chess.com INT 2025 1-0 (58)}) 9. Re1 Nbd7 10. a5 $146 ({RR} 10. d4 c5 11. e5 Nd5 12. Nc4 dxe5 13. dxe5 a5 14. Nfd2 N7b6 15. Qg4 Kh8 16. Nxb6 Qxb6 17. Nc4 Qc7 18. Bg5 Bxg5 19. Qxg5 Bc6 20. Red1 Ra6 21. Rd2 Raa8 22. Qg4 Rad8 23. Nd6 Rd7 24. Qc4 Ba8 {Teterev,V (2444)-Vetokhin,S (2323) Cheliabinsk 2021 0-1 (33)}) ({RR} 10. Nc4 c5 11. Bf4 d5 12. exd5 Nxd5 13. Bd6 N7b6 14. Bxe7 Nxe7 15. Nfd2 Bxg2 16. Kxg2 Nf5 17. Nb3 Nxc4 18. dxc4 Qf6 19. Rb1 Rad8 20. Qf3 Qg5 21. Qc6 Rc8 22. Qe4 Rfd8 23. Rbd1 Nd6 {½-½ (23) Haas,G (2235)-Cserna,L (2400) Luxembourg 1986}) 10... Rb8 11. d4 c5 12. e5 Ne8 13. c3 cxd4 14. cxd4 dxe5 15. Nxe5 Bxg2 16. Kxg2 Nxe5 17. dxe5 Nc7 18. Qf3 Nd5 19. Nc4 b3 20. Bd2 Qc8 21. Rec1 Qa6 22. Ne3 Rb5 23. Ra4 Rd8 24. Ng4 Qb7 25. a6 Qb8 26. Re4 Rf8 27. h4 Qd8 28. Rd1 Qc8 29. Bg5 f5 30. exf6 Nxf6 31. Rf4 Nd5 32. Rxd5 Rxf4 33. Qxf4 Qc6 34. Bxe7 Qxd5+ 35. Kh2 Qf5 36. Bg5 Qxf4 37. Bxf4 Ra5 38. Kg2 Rxa6 39. Kf3 Ra2 40. Be5 a5 41. Ke2 a4 42. Kd3 a3 43. bxa3 Rxa3 44. Kc3 Ra2 45. Kxb3 Re2 46. h5 Re4 47. Bf4 Kf7 48. Kc3 Ra4 49. Kd3 Ra5 50. Ne5+ Kf6 51. Ke4 Ra4+ 52. Kf3 Ra5 53. Ng4+ Kf5 54. Ne3+ Kf6 55. g4 h6 56. Nc4 Rc5 57. Nd6 Ra5 58. Ne4+ Kf7 59. Ng3 Ra4 60. Be3 Ra5 61. Ne2 g6 62. hxg6+ Kxg6 63. Nd4 h5 64. Nxe6 hxg4+ 65. Kxg4 Ra4+ 66. Nd4 Ra3 67. Kf4 Kf6 68. Ke4 Ra4 69. f4 Rb4 70. Bf2 Ra4 71. Bh4+ Kf7 72. Bd8 Ra1 73. Nf3 Rf1 74. f5 Rb1 75. Ne5+ Kf8 76. f6 Rf1 77. Be7+ Ke8 78. Kd5 Rf5 79. Ke6 Rf2 80. Bb4 Rf1 81. Bd2 Kf8 82. Bh6+ Ke8 83. Be3 Kf8 84. Bf4 Kg8 85. f7+ Kg7 86. Ng6 1-0

[Event "CHN-RUS Summit Men 7th Rapid"]
[Site "Ningbo"]
[Date "2010.08.11"]
[Round "1"]
[White "Zhou, Jianchao"]
[Black "Vitiugov, Nikita"]
[Result "1-0"]
[WhiteElo "2668"]
[BlackElo "2722"]
[PlyCount "165"]
[EventDate "2010.08.11"]
[EventType "schev (rapid)"]
[EventRounds "20"]
[EventCountry "CHN"]
[SourceTitle "CBM 137 Extra"]
[Source "ChessBase"]
[SourceDate "2010.09.01"]
[SourceVersion "1"]
[SourceVersionDate "2010.09.01"]
[SourceQuality "1"]

1. Nf3 d5 2. g3 c6 3. Bg2 Bg4 4. O-O Nd7 5. d3 e6 6. e4 Bd6 7. Nbd2 Ne7 8. h3 Bh5 9. Qe1 O-O 10. Nh4 Ng6 11. Nxg6 Bxg6 12. f4 ({RR} 12. Qe2 a5 13. f4 Re8 14. Kh1 f6 15. a4 Bf7 16. Nb3 Qe7 17. Be3 e5 18. Nd2 d4 19. Bg1 b5 20. c3 dxc3 21. bxc3 bxa4 22. Rxa4 Nc5 23. Bxc5 Bxc5 24. d4 exd4 25. cxd4 Bb4 26. e5 Qd7 {Xiong,J (2659)-Kevlishvili,R (2531) chess.com INT 2024 0-1}) 12... f5 ({RR} 12... Qb6+ 13. Kh1 Rae8 14. Nf3 f6 15. Nh4 Bh5 16. g4 Bf7 17. Qg3 Qc7 18. Qf2 g5 19. e5 fxe5 20. fxg5 e4 21. Qe2 Bg3 22. g6 hxg6 23. Bg5 Qe5 24. Qe3 d4 25. Qc1 e3 26. Nf3 Qh8 27. Nxd4 {Karjakin,S (2767)-Aronian,L (2813) Stavanger 2013 ½-½ (98)}) 13. e5 $146 ({RR} 13. Nf3 Qb6+ 14. Kh2 Rae8 15. e5 Be7 16. a4 a6 17. a5 Qc7 18. Nd4 Bf7 19. c4 dxc4 20. dxc4 c5 21. Nb3 Bh5 22. Be3 Rb8 23. Rf2 b6 24. axb6 Rxb6 25. Na5 Nb8 26. Rd2 Rd8 27. Ra3 Rb4 {Nalbandian,T (2508)-Kharlov,A (2628) Warsaw 2005 ½-½ (60)}) ({RR} 13. Kh2 fxe4 14. dxe4 Bc7 15. Nb3 dxe4 16. Bxe4 Bxe4 17. Qxe4 e5 18. Rd1 Nf6 19. Qe2 Qe8 20. fxe5 Bxe5 21. Re1 Bd6 22. Qc4+ Qf7 23. Qxf7+ Kxf7 24. Kg2 {½-½ (24) Franz,K (2264)-Gazvoda,F (2086) Latschach 2006}) 13... Be7 14. Qe2 a5 15. a4 Nc5 16. Kh2 Qd7 17. b3 Rfb8 18. Ba3 Na6 19. Bxe7 Qxe7 20. d4 Be8 21. c3 c5 22. c4 Nb4 23. cxd5 Nxd5 24. Nc4 Ra6 25. Nd6 cxd4 26. Bxd5 exd5 27. Qd3 Qc7 28. Qxd4 Rc6 29. Rf2 g6 30. g4 fxg4 31. hxg4 Rd8 32. Raf1 Qe7 33. Kg3 Bf7 34. Nxf7 Qxf7 35. f5 Qg7 36. fxg6 Rxg6 37. Rf5 Qh6 38. Rf7 Qg5 39. R1f5 Qc1 40. Qf2 Qa3 41. Rxb7 d4 42. Rf6 Rf8 43. Qxd4 Rgxf6 44. exf6 Qc1 45. Qd5+ Kh8 46. f7 Qe3+ 47. Qf3 Qe5+ 48. Kh3 Kg7 49. Rb5 Qe7 50. Rxa5 Rxf7 51. Qc3+ Kg8 52. Ra8+ Rf8 53. Qc4+ Kg7 54. Qd4+ Kg8 55. Rxf8+ Qxf8 56. Qd5+ Kg7 57. Qg5+ Kh8 58. Qe5+ Kg8 59. Qd5+ Kg7 60. Kg2 Qb4 61. g5 Qg4+ 62. Kf2 Qf4+ 63. Ke2 Kg6 64. a5 Qh2+ 65. Kd3 Qa2 66. Kc4 Kh5 67. Kb4 Kg4 68. Kb5 Kh5 69. a6 Qe2+ 70. Ka5 Qa2+ 71. Kb6 Qf2+ 72. Kb7 Qe3 73. g6+ Kxg6 74. a7 Qe7+ 75. Kb6 Qe3+ 76. Ka6 Qe2+ 77. Qb5 Qe4 78. Qb6+ Kh5 79. Qc5+ Kg6 80. Qd6+ Kh5 81. b4 Kg4 82. b5 h5 83. Qc6 1-0

[Event "Abu Dhabi op 20th"]
[Site "Abu Dhabi"]
[Date "2010.08.13"]
[Round "2"]
[White "Amin, Bassem"]
[Black "Korobov, Anton"]
[Result "1-0"]
[WhiteElo "2568"]
[BlackElo "2657"]
[PlyCount "145"]
[EventDate "2010.08.12"]
[EventType "swiss"]
[EventRounds "9"]
[EventCountry "UAE"]
[SourceTitle "CBM 137 Extra"]
[Source "ChessBase"]
[SourceDate "2010.09.01"]
[SourceVersion "1"]
[SourceVersionDate "2010.09.01"]
[SourceQuality "1"]

1. e4 c5 2. Nf3 d6 3. c3 Nf6 4. g3 Nc6 5. Qe2 g6 6. Bg2 Bg7 7. O-O O-O 8. Rd1 Qb6 $146 ({RR} 8... Qc7 9. h3 b6 10. d4 cxd4 11. cxd4 e6 12. Nc3 Bb7 13. Bg5 Ne7 14. Bxf6 Bxf6 15. e5 dxe5 16. dxe5 Bg7 17. Rac1 Rac8 18. Kh2 Rfd8 19. Nd5 Qxc1 20. Nxe7+ Kf8 21. Rxc1 Rxc1 22. Ng5 Bxg2 23. Kxg2 {Hammer,J (2095)-Larsen,K (2302) Copenhagen 2004 1-0 (40)}) ({RR} 8... d5 9. exd5 Nxd5 10. d4 cxd4 11. cxd4 Bf5 12. a3 Rc8 13. Nc3 Nxc3 14. bxc3 Na5 15. Nh4 Be6 16. Bg5 Re8 17. d5 Bd7 18. d6 f6 19. dxe7 Qxe7 20. Be3 Nc4 21. Bxb7 Rc7 22. Bd5+ Be6 23. Ng2 {Sahvit,T (1820)-Porat,D (2240) Israel 2013 ½-½ (42)}) 9. h3 Be6 10. d4 cxd4 11. cxd4 d5 12. e5 Ne4 13. Nc3 Rad8 14. Be3 Nxc3 15. bxc3 Na5 16. Ng5 Bc8 17. Rab1 Qc6 18. h4 Qxc3 19. Rdc1 Qa3 20. Rc5 e6 21. h5 h6 22. hxg6 hxg5 23. Bxg5 fxg6 24. Bxd8 Rxd8 25. Qc2 Nc6 26. Rd1 Bd7 27. Bh3 Qf3 28. Rc3 Qh5 29. Kg2 Rf8 30. Rb3 Bc8 31. Qd3 Na5 32. Rc3 Nc4 33. Rh1 Qg5 34. Qe2 b5 35. Bg4 b4 36. f4 Qe7 37. Rf3 a5 38. Qd3 Qe8 39. Kg1 Kf7 40. Rf2 Qa4 41. Rc2 Qa3 42. Qxa3 bxa3 43. Kf2 Ke7 44. Rh7 Rf7 45. Be2 Ba6 46. Bd3 Bf8 47. Bxg6 Rxh7 48. Bxh7 Kf7 49. g4 Be7 50. Bd3 Bh4+ 51. Ke2 Bd8 52. Rc1 Bb6 53. Rh1 Bxd4 54. Rh7+ Kf8 55. Rh8+ Kg7 56. Rh7+ Kf8 57. Rh6 Kf7 58. g5 Bc8 59. Rh7+ Kg8 60. Rc7 Ba6 61. Rc6 Bb5 62. Rxe6 Ba4 63. g6 Ne3 64. Ra6 Bb3 65. axb3 Ng2 66. Rxa5 Nxf4+ 67. Kd2 Bb2 68. Ra8+ Kg7 69. Ra7+ Kg8 70. Bf5 d4 71. e6 Nd5 72. e7 Nxe7 73. Rxe7 1-0

[Event "Pan-Armenian ol"]
[Site "Yerevan"]
[Date "2010.08.17"]
[Round "3"]
[White "Mirumian, Vigen"]
[Black "Kotanjian, Tigran"]
[Result "1-0"]
[WhiteElo "2504"]
[BlackElo "2551"]
[PlyCount "79"]
[EventDate "2010.08.15"]
[EventType "swiss"]
[EventRounds "9"]
[EventCountry "ARM"]
[SourceTitle "CBM 138 Extra"]
[Source "ChessBase"]
[SourceDate "2010.10.29"]
[SourceVersion "1"]
[SourceVersionDate "2010.10.29"]
[SourceQuality "1"]

1. Nf3 d5 2. g3 Bg4 3. Bg2 Nd7 4. O-O e6 5. d3 Bd6 6. Nbd2 Ne7 7. h3 Bh5 8. e4 c6 9. Re1 O-O 10. Nf1 ({RR} 10. d4 a5 11. c4 Bb4 12. a3 Bxd2 13. Bxd2 dxe4 14. Rxe4 b5 15. cxb5 cxb5 16. Bg5 Nb6 17. Bxe7 Qxe7 18. Re5 Bg6 19. Rxb5 Nc4 20. Ne5 Rac8 21. Nc6 Qd6 22. Rc1 Rxc6 23. Bxc6 Qxc6 24. Rc5 Qb7 {Amin,B (2704)-Topalov,V (2740) Abidjan 2019 1-0}) 10... Qc7 ({RR} 10... a5 11. g4 Bg6 12. e5 Bc7 13. Ng3 Qb8 14. Qe2 c5 15. h4 h6 16. h5 Bh7 17. g5 Nc6 18. gxh6 Ndxe5 19. Nxe5 Bxe5 20. hxg7 Bxg7 21. h6 Be5 22. Bg5 Bxg3 23. fxg3 Qxg3 24. Bf6 Nd4 25. Qe3 {Zhalmakhanov,R (2488)-Firouzja,A (2767) chess.com INT 2024 1-0 (86)}) 11. Qe2 Rae8 $146 ({RR} 11... Bxf3 12. Bxf3 e5 13. Ne3 {½-½ (13) Lima,D (2385)-Rivas Pastor,M (2505) Salamanca 1989}) 12. g4 dxe4 13. dxe4 Bg6 14. e5 Bc5 15. h4 f5 16. exf6 Nxf6 17. h5 Be4 18. N1d2 Bxf3 19. Nxf3 Ned5 20. Qc4 Nd7 21. Re2 b5 22. Qd3 N7f6 23. c4 Nb4 24. Qb3 Nxg4 25. a3 Na6 26. cxb5 cxb5 27. Bg5 Qb6 28. Bh4 Nc7 29. Rae1 Kh8 30. Bh3 Nh6 31. Qd3 Nf7 32. h6 Nxh6 33. Ng5 Nf5 34. Bxf5 exf5 35. Rxe8 Nxe8 36. Ne6 Rg8 37. Qxf5 Bd4 38. Bd8 Qb8 39. Ng5 g6 40. Re7 1-0

[Event "Baku op"]
[Site "Baku"]
[Date "2010.08.31"]
[Round "9"]
[White "Abasov, Nijat Azad"]
[Black "Safarli, Eltaj"]
[Result "1-0"]
[WhiteElo "2517"]
[BlackElo "2603"]
[PlyCount "74"]
[EventDate "2010.08.23"]
[EventType "swiss"]
[EventRounds "9"]
[EventCountry "AZE"]
[SourceTitle "CBM 138 Extra"]
[Source "ChessBase"]
[SourceDate "2010.10.29"]
[SourceVersion "1"]
[SourceVersionDate "2010.10.29"]
[SourceQuality "1"]

1. Nf3 d5 2. c4 d4 3. e3 c5 4. exd4 cxd4 5. d3 Nc6 6. g3 e5 7. Bg2 Bd6 8. O-O Nge7 9. Re1 f6 10. a3 a5 11. Nbd2 O-O 12. Rb1 Bg4 13. Ne4 Kh8 $146 ({RR} 13... Bc7 14. b4 axb4 15. axb4 b6 16. Qc2 Be6 17. Bd2 h6 18. b5 f5 19. bxc6 fxe4 20. Rxe4 Nxc6 21. Ree1 Qf6 22. Rf1 Bg4 23. Nh4 Be2 24. Bxc6 Qxc6 {½-½ (24) Pallagi,J (1959)-Kiss,P (1957) Hungary 2018}) 14. Qc2 a4 15. b3 axb3 16. Rxb3 Ra7 17. Nxd6 Qxd6 18. Nd2 Qc7 19. Ne4 f5 20. Ng5 f4 21. h3 Bf5 22. Rb5 h6 23. Ne4 Qd7 24. g4 Bh7 25. Qe2 Ng6 26. Nd2 Nh4 27. Rd5 Qf7 28. Nf3 Nxg2 29. Kxg2 Raa8 30. Nd2 e4 31. dxe4 Bxe4+ 32. Qxe4 Rfe8 33. Qf5 Qg8 34. Rxe8 Rxe8 35. Qxf4 Rf8 36. Rf5 Rd8 37. Rf7 Ne5 1-0